| 000 | 01248nam a2200265Ia 4500 | ||
|---|---|---|---|
| 999 |
_c5249 _d5249 |
||
| 003 | OSt | ||
| 005 | 20200424011048.0 | ||
| 008 | 191128s1983 ck gr 000 0 spa d | ||
| 020 | _a8482771019 | ||
| 040 |
_aCO-JMCR _cCO-JMCR |
||
| 041 | 0 | _aspa | |
| 082 | 0 | 4 |
_a324.2861 / _bU72r _223 |
| 100 | 1 |
_aUrán, Carlos H., _eautor _93523 |
|
| 245 | 1 | 0 |
_aRojas y la manipulación del poder / _cCarlos H. Urán |
| 250 | _aPrimera edición | ||
| 260 |
_aBogotá : _bCarlos Valencia Editores, _c1983 |
||
| 300 |
_a146 páginas ; _c20 cm. |
||
| 504 | _aBibliografía: páginas 141-146 | ||
| 505 | 0 | _aEl sacrosanto bipartidismo colombiano -- El período 1946-1953 -- América Latina en la segunda posguerra mundial -- La toma del poder por el General Rojas Pinilla -- La junta militar antes del regreso a los cuarteles (1957-1958) | |
| 520 | _aEn este libro se afirma la inexistencia de verdaderas dictaduras militares en Colombia y se muestra de qué manera las fuerzas armadas, cuando han intentado gobernar, han sido, abierta o sutilmente, manipuladas por poderosos grupos políticos. | ||
| 600 | 1 |
_aRojas Pinilla, Gustavo, _d1900-1975 _93524 |
|
| 650 | 1 | 4 |
_aIntervención del estado _93525 |
| 650 | 1 | 4 |
_aCrisis económica _93526 |
| 942 |
_2ddc _cBK |
||